Statistics for EFL Cup Winners

Click here to take the quiz!

General Stats

  • This quiz has been taken 2,896 times
  • The average score is 18 of 23

Answer Stats

Year Team % Correct
1992Manchester United
99%
1970Manchester City
99%
1981Liverpool
98%
1965Chelsea
97%
1987Arsenal
97%
1971Tottenham Hotspur
96%
1961Aston Villa
90%
1968Leeds United
85%
1963Birmingham City
81%
1978Nottingham Forest
81%
2013Swansea City
79%
1974Wolverhampton Wanderers
75%
1966West Bromwich Albion
75%
2002Blackburn Rovers
75%
1991Sheffield Wednesday
73%
1964Leicester City
73%
1962Norwich City
71%
2004Middlesbrough
70%
1972Stoke City
66%
1967Queens Park Rangers
63%
1969Swindon Town
44%
1988Luton Town
44%
1986Oxford United
39%

Score Distribution

Percentile by Number Answered

Percent of People with Each Score

Your Score History

You have not taken this quiz